LEADER 01132nam a2200265 i 4500 001 000000158209 003 CaOOAMICUS 005 20070202000000.0 008 070202s1969 it u000 u eng u 013 $a135572 040 $aSeMil$bita 100 1 $aBerenson, Bernard,$d<1865-1959>.$0(OLS)http://semarc/name/6477 245 10$aHomeless paintings :$bof the Renaissance /$cBernard Berenson ; edited by Hanna Kiel ; introduction by Myron P. Gilmore. 260 $a[S.l.] :$bThames and Hudson,$ccopyr. 1969. 300 $a256 p. :$briccamente ill. ;$c30 cm. 500 $aFondo Ciprandi. 650 4$aPittura - Italia - Sec. 15.-16.$0(OLS)http://semarc/subject/16870 700 1 $aGilmore, Myron P.$0(OLS)http://semarc/name/41291 700 1 $aKiel, Hanna.$0(OLS)http://semarc/name/41290 850 $aSeMil 852 $aSeMil$W1$xVenegono$y1$m5T X 2$j109866$B109866$CSeMilBibl$Z2$F119503 $8I 941 1 $a1 961 $aOmaggio: Ciprandi dott. Paolo 996 $6245$aHomeless paintings :$bof the Renaissance$9(OLS)http://semarc/title/139489 996 $6260$a[S.l.] :$bThames and Hudson$9(OLS)http://semarc/publisher/44038 LEADER 00997nam a2200241 4500 001 000000353067 003 CaOOAMICUS 005 20230802151934.0 008 230310s2017 it 000 u ita r 020 $a978-88-18-09573-0* 040 $aSeMil$bita 100 1 $aPansa, Giampaolo,$d<1935-2020>.$0(OLS)http://semarc/name/39865 245 13$aIl mio viaggio tra i vinti :$bneri, bianchi e rossi /$cGiampaolo Pansa. 264 1$aMilano :$bRizzoli,$c2017. 300 $a325 p. ;$c24 cm 650 4$aItalia - 1943-1946.$0(OLS)http://semarc/subject/53585 850 $aSeMil 852 $aSeMil$W1$xVenegono$y1$m3V IV 269$j242722$B244298$CSeMilBibl$Z2$F244298 $81 961 $aOriggi don Giambattista - Lascito 996 $6020$a978-88-18-09573-0*$9(OLS)http://semarc/number/297750 996 $6245$aIl mio viaggio tra i vinti :$bneri, bianchi e rossi$9(OLS)http://semarc/title/443061 996 $6264$aMilano :$bRizzoli$9(OLS)http://semarc/publisher/29824 LEADER 00685nam a2200181 i 4500 001 000000055620 003 CaOOAMICUS 005 19970708000000.0 008 970708n it u000 u ita u 013 $a26792 040 $aSeMil$bita 100 1 $aD'Onorio De Meo, Giovanni .$0(OLS)http://semarc/name/27977 245 13$aLa Vergine Incoronata di Foggia. 650 4$aMadonna - Meditazioni.$0(OLS)http://semarc/subject/920 650 4$aTesi di laurea.$0(OLS)http://semarc/subject/1690 850 $aSeMil 852 $aSeMil$W1$xVenegono$y1$m2I III 55$j21774$B21774$CSeMilBibl$Z2$F21776 $81 996 $6245$aLa Vergine Incoronata di Foggia$9(OLS)http://semarc/title/86282